[Event "Loire Top 1516"]
[Site "Loire"]
[Date "2016.04.22"]
[Round "6.3"]
[White "Garon, Pierre"]
[Black "Aumont Mathieu, Georges"]
[Result "1/2-1/2"]
[WhiteElo "1855"]
[BlackElo "1712"]
[PlyCount "86"]
[EventDate "2015.10.10"]
[EventType "swiss"]
[EventRounds "7"]
[EventCountry "FRA"]
[SourceTitle "EXT 2024"]
[Source "ChessBase"]
[SourceDate "2023.10.10"]
[SourceVersion "1"]
[SourceVersionDate "2023.10.10"]
[SourceQuality "1"]

1. d4 Nf6 2. Nf3 e6 3. e3 c5 4. Bd3 Be7 5. 0-0 b6 6. Nbd2 Bb7 7. b3 d6 8. Bb2 Nbd7 9. Qe2 0-0 10. c4 Ne8 11. e4 cxd4 12. Nxd4 Bf6 13. Rfd1 Nc5 14. Nf1 g6 15. f3 a6 16. Ne3 e5 17. Ndc2 Ne6 18. Qe1 a5 19. Bf1 Qc7 20. Nd5 Bxd5 21. Rxd5 Be7 22. Qe3 Nf6 23. Rb5 Nd7 24. Rd5 Nf6 25. Rdd1 Qc5 26. Kf2 Rfd8 27. Ba3 Qxe3+ 28. Kxe3 Nc5 29. Bb2 Ne8 30. g3 Nc7 31. Na3 N5e6 32. Rac1 Bg5+ 33. Kd3 Bxc1 34. Rxc1 Kf8 35. Bh3 Ke7 36. Nc2 Nc5+ 37. Ke2 b5 38. Ne3 b4 39. Nc2 N7e6 40. Rb1 Rab8 41. Ke3 Rb7 42. f4 f6 43. f5 Nc7 1/2-1/2

[Event "Loire Top 1516"]
[Site "Loire"]
[Date "2015.10.10"]
[Round "1.4"]
[White "Garon, Pierre"]
[Black "Doran, Niall"]
[Result "1-0"]
[WhiteElo "1868"]
[BlackElo "1716"]
[PlyCount "89"]
[EventDate "2015.10.10"]
[EventType "swiss"]
[EventRounds "7"]
[EventCountry "FRA"]
[SourceTitle "EXT 2024"]
[Source "ChessBase"]
[SourceDate "2023.10.10"]
[SourceVersion "1"]
[SourceVersionDate "2023.10.10"]
[SourceQuality "1"]

1. d4 d5 2. Nf3 Nf6 3. e3 e6 4. Bd3 c5 5. b3 cxd4 6. exd4 Be7 7. Bb2 0-0 8. Nbd2 b6 9. Qe2 Nc6 10. a3 Bb7 11. 0-0 Qc7 12. Ne5 Bd6 13. f4 Rae8 14. Rf3 Qe7 15. Rh3 g6 16. b4 Nd7 17. Rf3 f6 18. Ng4 Qg7 19. c4 h5 20. Ne3 Ne7 21. c5 Bc7 22. Bb5 Bc6 23. Bxc6 Nxc6 24. b5 Nxd4 25. Bxd4 bxc5 26. Bb2 Qh6 27. g3 h4 28. Nb3 Re7 29. Nxd5 exd5 30. Qxe7 Rf7 31. Qe6 hxg3 32. hxg3 Qh5 33. Kg2 c4 34. Rh1 Qf5 35. Qxf5 gxf5 36. Nd4 Nc5 37. Nxf5 Rf8 38. Bd4 Bb6 39. Ne7+ Kg7 40. Nxd5 Ne6 41. Bxb6 axb6 42. Nxb6 Nd4 43. Nxc4 Rc8 44. Rc1 Nxb5 45. Rd3 1-0

[Event "Loire-ch Top20 1415"]
[Site "Loire"]
[Date "2014.12.06"]
[Round "3"]
[White "Buisine, Roman"]
[Black "Garon, Pierre"]
[Result "1-0"]
[WhiteElo "1685"]
[BlackElo "1903"]
[PlyCount "57"]
[EventDate "2014.10.04"]
[EventType "swiss"]
[EventRounds "7"]
[EventCountry "FRA"]
[SourceTitle "EXT 2016"]
[Source "ChessBase"]
[SourceDate "2015.10.08"]
[SourceVersion "1"]
[SourceVersionDate "2015.10.08"]
[SourceQuality "1"]

1. e4 Nf6 2. Nc3 d5 3. e5 Ne4 4. d4 Nxc3 5. bxc3 Bf5 6. Nf3 e6 7. Rb1 b6 8. Bd3 Bxd3 9. Qxd3 Be7 10. 0-0 Nc6 11. Be3 Qd7 12. Nd2 0-0 13. f4 f5 14. h3 Rad8 15. g4 g6 16. g5 Na5 17. Kg2 Qa4 18. h4 Rc8 19. h5 Kg7 20. Rh1 Nc4 21. Bf2 Nxd2 22. Qxd2 c5 23. Rh4 cxd4 24. Rbh1 dxc3 25. Qd3 Rh8 26. Qh3 Qe8 27. hxg6 hxg6 28. Rh7+ Rxh7 29. Qxh7+ 1-0

[Event "Loire-ch Top20 1314"]
[Site "Loire"]
[Date "2014.04.12"]
[Round "8"]
[White "Garon, Pierre"]
[Black "Andre, Gregory"]
[Result "1-0"]
[WhiteElo "1890"]
[BlackElo "1910"]
[PlyCount "95"]
[EventDate "2014.09.21"]
[EventType "swiss"]
[EventRounds "9"]
[EventCountry "FRA"]
[SourceTitle "EXT 2015"]
[Source "ChessBase"]
[SourceDate "2014.11.20"]
[SourceVersion "1"]
[SourceVersionDate "2014.11.20"]
[SourceQuality "1"]

1. d4 Nf6 2. Nf3 e6 3. e3 b6 4. Bd3 Bb7 5. Nbd2 Be7 6. 0-0 0-0 7. b3 d6 8. Bb2 Nbd7 9. Qe2 Re8 10. e4 Bf8 11. Rad1 e5 12. dxe5 Nxe5 13. Nxe5 dxe5 14. Nc4 Bd6 15. Nxd6 cxd6 16. c4 Qc7 17. Rd2 Qc6 18. f3 Nh5 19. g3 Re6 20. Rfd1 Rg6 21. Kf2 Qd7 22. Qf1 Nf6 23. Ke1 Ne8 24. Bb1 Qc6 25. f4 Qc5 26. f5 Rg4 27. Re2 Qb4+ 28. Rdd2 Nf6 29. Qf3 Qc5 30. Kf1 Qc6 31. Rd5 Qc7 32. Rd1 Qc6 33. Rde1 Qd7 34. h3 Bxe4 35. Bxe4 Rxe4 36. Rxe4 Nxe4 37. Qxe4 Re8 38. Rd1 g6 39. g4 gxf5 40. gxf5 Kh8 41. Bxe5+ Rxe5 42. Qxe5+ Kg8 43. Rxd6 Qc8 44. Qd5 Qc7 45. Rd8+ Kg7 46. Qd4+ Kh6 47. Rd6+ f6 48. Qxf6+ 1-0

[Event "Loire-ch Top20 1314"]
[Site "Loire"]
[Date "2014.03.29"]
[Round "7"]
[White "Bastien, Daniel"]
[Black "Garon, Pierre"]
[Result "0-1"]
[WhiteElo "1630"]
[BlackElo "1890"]
[PlyCount "86"]
[EventDate "2014.09.21"]
[EventType "swiss"]
[EventRounds "9"]
[EventCountry "FRA"]
[SourceTitle "EXT 2015"]
[Source "ChessBase"]
[SourceDate "2014.11.20"]
[SourceVersion "1"]
[SourceVersionDate "2014.11.20"]
[SourceQuality "1"]

1. c4 e5 2. Nc3 Nf6 3. e4 Nc6 4. a3 g6 5. d3 Bg7 6. Be2 0-0 7. Nf3 d6 8. Bd2 h6 9. 0-0 Kh7 10. Rb1 Nh5 11. Ne1 Nf4 12. Be3 Nd4 13. Bxf4 exf4 14. Nd5 Ne6 15. Bg4 c6 16. Nb4 h5 17. Bxe6 fxe6 18. Nbc2 d5 19. b3 d4 20. b4 e5 21. a4 Bg4 22. f3 Be6 23. b5 c5 24. Na1 g5 25. Nb3 Qe7 26. Rb2 g4 27. Qd2 Rf6 28. a5 Rg8 29. Nc1 Rg6 30. Kh1 Bh6 31. Qc2 Bg5 32. Ne2 Bh4 33. g3 fxg3 34. hxg3 gxf3 35. Nxf3 Bf6 36. Rf2 Rh6 37. Rb1 Bg4 38. Rg1 h4 39. Nh2 hxg3 40. Nxg3 Qg7 41. Qc1 Bg5 42. Qf1 Bf4 43. Nf5 Bf3+ 0-1

[Event "Loire-ch Top20 1314"]
[Site "Loire"]
[Date "2014.01.18"]
[Round "5"]
[White "Tchalimian, Pascal"]
[Black "Garon, Pierre"]
[Result "1/2-1/2"]
[WhiteElo "1926"]
[BlackElo "1890"]
[PlyCount "80"]
[EventDate "2014.09.21"]
[EventType "swiss"]
[EventRounds "9"]
[EventCountry "FRA"]
[SourceTitle "EXT 2015"]
[Source "ChessBase"]
[SourceDate "2014.11.20"]
[SourceVersion "1"]
[SourceVersionDate "2014.11.20"]
[SourceQuality "1"]

1. e4 Nf6 2. e5 Nd5 3. Nc3 c6 4. Qf3 Nb6 5. d4 d5 6. Nh3 Bxh3 7. Qxh3 e6 8. f4 g6 9. Bd2 Na6 10. Bxa6 bxa6 11. b3 c5 12. dxc5 Bxc5 13. 0-0-0 Qc7 14. Qd3 Qb7 15. Rdf1 h5 16. a4 Bb4 17. Ne2 Bxd2+ 18. Kxd2 Nd7 19. Qd4 Rc8 20. h3 Nc5 21. Nc3 Qb6 22. Ne2 Ne4+ 23. Kd3 Qxd4+ 24. Kxd4 Rxc2 25. Rc1 Rxc1 26. Rxc1 Kd7 27. b4 Rb8 28. Rb1 Kc6 29. Rb2 Kb7 30. Nc1 Rc8 31. Nd3 Rc4+ 32. Ke3 Kc6 33. g4 hxg4 34. hxg4 Nc3 35. Rh2 Kd7 36. g5 Nxa4 37. Ra2 Nc3 38. Rxa6 Rc7 39. Nc5+ Ke7 40. Kd3 Ne4 1/2-1/2

[Event "Loire-ch Top20 1314"]
[Site "Loire"]
[Date "2013.12.07"]
[Round "4"]
[White "Deville, Olivier"]
[Black "Garon, Pierre"]
[Result "0-1"]
[WhiteElo "1939"]
[BlackElo "1889"]
[PlyCount "64"]
[EventDate "2014.09.21"]
[EventType "swiss"]
[EventRounds "9"]
[EventCountry "FRA"]
[SourceTitle "EXT 2015"]
[Source "ChessBase"]
[SourceDate "2014.11.20"]
[SourceVersion "1"]
[SourceVersionDate "2014.11.20"]
[SourceQuality "1"]

1. d4 d5 2. Nf3 Nf6 3. c4 e6 4. e3 Be7 5. Nc3 0-0 6. Qc2 a6 7. b3 c6 8. Bd3 Nbd7 9. 0-0 b5 10. Bb2 b4 11. Ne2 a5 12. cxd5 cxd5 13. Ne5 Bb7 14. Ng3 Nb6 15. Nc6 Bxc6 16. Qxc6 Qd6 17. Qxd6 Bxd6 18. a4 h5 19. Rac1 Rfc8 20. f3 g6 21. Ne2 Bf8 22. Bb5 Bh6 23. Kf2 Kf8 24. Nf4 Ke7 25. Nd3 Nfd7 26. Nc5 Ra7 27. Nxd7 Rxc1 28. Nxb6 Rc2+ 29. Kg3 Rb7 30. Nxd5+ exd5 31. Rf2 Rbc7 32. Bd3 h4+ 0-1

[Event "Loire-ch Top20 1213"]
[Site "Loire"]
[Date "2012.10.20"]
[Round "2"]
[White "Aumont Mathieu, Georges"]
[Black "Garon, Pierre"]
[Result "0-1"]
[WhiteElo "1800"]
[BlackElo "1896"]
[PlyCount "70"]
[EventDate "2012.10.06"]
[EventType "swiss"]
[EventRounds "8"]
[EventCountry "FRA"]
[SourceTitle "EXT 2014"]
[Source "ChessBase"]
[SourceDate "2013.11.20"]
[SourceVersion "1"]
[SourceVersionDate "2013.11.20"]
[SourceQuality "1"]

1. e4 Nf6 2. e5 Nd5 3. c4 Nb6 4. c5 Nd5 5. Bc4 c6 6. Qe2 e6 7. d4 b6 8. cxb6 axb6 9. Nf3 Ba6 10. Bxa6 Nxa6 11. 0-0 Be7 12. a3 0-0 13. Nc3 Nac7 14. Ne4 Nb5 15. Bd2 Ra4 16. Qd3 f5 17. exf6 Bxf6 18. Nxf6+ Qxf6 19. b3 Rxa3 20. Rxa3 Nxa3 21. Ra1 Nb5 22. Bg5 Qf7 23. Qe4 Ndc3 24. Qh4 h6 25. Be3 d6 26. Qg4 Qf5 27. Qxf5 Rxf5 28. Ra6 Nd5 29. Kf1 Rf8 30. Ke2 g5 31. Ne1 Kg7 32. g3 Kg6 33. h3 Kf5 34. Kf3 Kg6+ 35. Ke4 Nbc3+ 0-1

[Event "Loire-ch Top20 1112"]
[Site "Loire"]
[Date "2011.12.03"]
[Round "3.5"]
[White "Garon, Pierre"]
[Black "Andre, Gregory"]
[Result "1-0"]
[WhiteElo "1926"]
[BlackElo "1720"]
[PlyCount "63"]
[EventDate "2011.10.08"]
[EventType "tourn"]
[EventRounds "7"]
[EventCountry "FRA"]
[SourceTitle "EXT 2014"]
[Source "ChessBase"]
[SourceDate "2013.11.20"]
[SourceVersion "1"]
[SourceVersionDate "2013.11.20"]
[SourceQuality "1"]

1. d4 Nf6 2. Nf3 e6 3. e3 d5 4. Bd3 Be7 5. Nbd2 0-0 6. 0-0 Nbd7 7. b3 b6 8. Bb2 c6 9. Ne5 Qc7 10. f4 c5 11. g4 Nxe5 12. fxe5 Ne8 13. Qf3 f5 14. gxf5 exf5 15. Qxd5+ Kh8 16. Qxa8 Bb7 17. Qxa7 Qc6 18. Kf2 Nc7 19. d5 Qxd5 20. Qxb6 Qg2+ 21. Ke1 Bh4+ 22. Kd1 Nd5 23. Qxc5 Be7 24. Qd4 Bg5 25. Nc4 Nb4 26. Re1 Rd8 27. Nd6 Bf3+ 28. Kc1 Nd5 29. Nf7+ Kg8 30. Nxd8 Nxe3 31. Kb1 Bh4 32. Qxe3 1-0

[Event "Loire-ch Top20 1011"]
[Site "Loire"]
[Date "2011.01.23"]
[Round "4"]
[White "Deville, Olivier"]
[Black "Garon, Pierre"]
[Result "1-0"]
[WhiteElo "1979"]
[BlackElo "1928"]
[PlyCount "103"]
[EventDate "2010.10.09"]
[EventType "swiss"]
[EventRounds "7"]
[EventCountry "FRA"]
[SourceTitle "EXT 2012"]
[Source "ChessBase"]
[SourceDate "2011.11.24"]
[SourceVersion "1"]
[SourceVersionDate "2011.11.24"]
[SourceQuality "1"]

1. d4 d5 2. Nf3 Nf6 3. c4 e6 4. Nc3 Be7 5. e3 0-0 6. b3 Ne4 7. Nxe4 dxe4 8. Nd2 f5 9. c5 Bf6 10. Bc4 Nc6 11. Bb2 Nb4 12. f3 Bg5 13. f4 Bf6 14. 0-0 Nd5 15. Qe2 Bd7 16. g4 c6 17. a3 h6 18. b4 a6 19. Bb3 Qe7 20. gxf5 exf5 21. Nc4 Be6 22. Ne5 Kh7 23. Bc1 Bxe5 24. fxe5 g5 25. Bxd5 Bxd5 26. Bd2 Qf7 27. Qg2 Qg7 28. h4 g4 29. Be1 Bc4 30. Rf4 h5 31. Bg3 Kg6 32. Rf2 Qd7 33. Bf4 a5 34. Rc1 Qe6 35. Rfc2 Bd3 36. Rb2 Ra7 37. bxa5 Bb5 38. Qd2 Rfa8 39. d5 Qe7 40. d6 Qxh4 41. d7 Bd3 42. Rcb1 Qe7 43. Rxb7 Bxb1 44. Rxa7 Rd8 45. Qd6+ Qxd6 46. cxd6 Ba2 47. Rc7 Be6 48. a6 Bxd7 49. a7 Be6 50. Re7 Bd5 51. d7 c5 52. e6 1-0

[Event "Loire-ch Top20 0910"]
[Site "Loire"]
[Date "2010.03.27"]
[Round "6"]
[White "Garon, Pierre"]
[Black "Muller, Anthony"]
[Result "1-0"]
[WhiteElo "1929"]
[BlackElo "1930"]
[PlyCount "108"]
[EventDate "2009.12.??"]
[EventType "tourn"]
[EventRounds "7"]
[EventCountry "FRA"]
[SourceTitle "EXT 2011"]
[Source "ChessBase"]
[SourceDate "2010.11.26"]
[SourceVersion "1"]
[SourceVersionDate "2010.11.26"]
[SourceQuality "1"]

1. d4 e6 2. Nf3 Nf6 3. Bg5 b6 4. Nbd2 Bb7 5. e3 Be7 6. Bd3 d5 7. Ne5 Nbd7 8. f4 c5 9. c3 c4 10. Bc2 b5 11. 0-0 a5 12. Qe2 0-0 13. Qf3 Ne8 14. Bxe7 Qxe7 15. Qh3 f5 16. g4 Nd6 17. Nxd7 Qxd7 18. Nf3 g6 19. Ne5 Qe7 20. g5 Nf7 21. Nf3 b4 22. Qg2 Nd8 23. Qd2 Nc6 24. Kf2 a4 25. Bd1 a3 26. b3 Ba6 27. Rh1 Rfc8 28. h4 bxc3 29. Qxc3 cxb3 30. Bxb3 Nb4 31. Qd2 Bd3 32. Rhc1 Bc4 33. Bxc4 dxc4 34. Ne5 c3 35. Rxc3 Rxc3 36. Qxc3 Nd5 37. Qb3 Qc7 38. Nd3 Rb8 39. Qd1 Nc3 40. Qc1 Ne4+ 41. Ke2 Rb2+ 42. Nxb2 Qxc1 43. Rxc1 axb2 44. Rh1 b1Q 45. Rxb1 Nc3+ 46. Kd2 Nxb1+ 47. Kc2 Na3+ 48. Kb3 Nb5 49. Kb4 Na7 50. Kc5 Kf7 51. Kb6 Nc8+ 52. Kc7 Na7 53. a4 Ke7 54. Kb7 Kd7 1-0

[Event "Loire-ch Top20 0910"]
[Site "Loire"]
[Date "2010.02.06"]
[Round "5"]
[White "Garon, Pierre"]
[Black "Carrot, Patrick"]
[Result "1-0"]
[WhiteElo "1926"]
[BlackElo "1835"]
[PlyCount "69"]
[EventDate "2009.12.??"]
[EventType "tourn"]
[EventRounds "7"]
[EventCountry "FRA"]
[SourceTitle "EXT 2011"]
[Source "ChessBase"]
[SourceDate "2010.11.26"]
[SourceVersion "1"]
[SourceVersionDate "2010.11.26"]
[SourceQuality "1"]

1. d4 Nf6 2. Nf3 g6 3. Bg5 Bg7 4. Nbd2 0-0 5. e4 d6 6. c3 c5 7. dxc5 dxc5 8. Be2 b6 9. 0-0 Bb7 10. Qc2 Nc6 11. Rfe1 Qc7 12. Bf1 e6 13. a4 Rac8 14. Nc4 Nd7 15. Bh4 e5 16. Rad1 Ba6 17. Nd6 Bxf1 18. Nxc8 Bxg2 19. Kxg2 Qxc8 20. Rd6 c4 21. Red1 Nc5 22. Qe2 Nd3 23. R1xd3 cxd3 24. Qxd3 Re8 25. Rd7 h6 26. Qd5 Rf8 27. b4 g5 28. Bg3 Bf6 29. b5 Ne7 30. Qd6 Ng6 31. Rxa7 Qxc3 32. Qxf6 g4 33. Nxe5 Nxe5 34. Bxe5 Qh3+ 35. Kg1 1-0

[Event "Loire-ch Top14 0708"]
[Site "Loire"]
[Date "2007.11.10"]
[Round "2"]
[White "Bruel, Bruno"]
[Black "Garon, Pierre"]
[Result "0-1"]
[WhiteElo "1810"]
[BlackElo "1936"]
[PlyCount "48"]
[EventDate "2007.10.20"]
[EventType "swiss"]
[EventRounds "7"]
[EventCountry "FRA"]
[SourceTitle "EXT 2010"]
[Source "ChessBase"]
[SourceDate "2010.11.25"]
[SourceVersion "1"]
[SourceVersionDate "2010.11.25"]
[SourceQuality "1"]

1. d4 d5 2. c4 e6 3. Nc3 Nf6 4. Nf3 Be7 5. Bg5 Nbd7 6. e3 0-0 7. Bd3 dxc4 8. Bxc4 a6 9. a4 c5 10. 0-0 cxd4 11. exd4 Nb6 12. Bd3 Nbd5 13. Qe2 Bd7 14. Ne5 Bc6 15. Nxc6 bxc6 16. Bxa6 Qb6 17. Bd3 Qxd4 18. Nxd5 cxd5 19. a5 Rfb8 20. Rfb1 Bd6 21. Bb5 Qb4 22. Ba6 Ne4 23. Bc1 Rxa6 24. g3 Rxa5 0-1

[Event "Loire-ch Top20 0506"]
[Site "Loire"]
[Date "2006.02.11"]
[Round "5"]
[White "Cursoux, Gerard"]
[Black "Garon, Pierre"]
[Result "0-1"]
[WhiteElo "2090"]
[BlackElo "1949"]
[PlyCount "82"]
[EventDate "2005.10.08"]
[EventType "swiss"]
[EventRounds "6"]
[EventCountry "FRA"]
[SourceTitle "EXT 2008"]
[Source "ChessBase"]
[SourceDate "2007.11.25"]
[SourceVersion "1"]
[SourceVersionDate "2007.11.25"]
[SourceQuality "1"]

1. e4 Nf6 2. e5 Nd5 3. d4 d6 4. Nf3 Bg4 5. Bc4 e6 6. 0-0 dxe5 7. dxe5 c6 8. Qe2 Nd7 9. Re1 Qc7 10. Nbd2 Be7 11. Bb3 h5 12. a4 Nf4 13. Qc4 Ng6 14. Qe4 0-0 15. h3 Bf5 16. Qe2 h4 17. Nf1 a6 18. Bc4 b5 19. Bd3 Bxd3 20. cxd3 c5 21. Bd2 Rfc8 22. N1h2 Qc6 23. Ng4 Qd5 24. Rec1 Nb6 25. axb5 axb5 26. Be3 Nd7 27. d4 c4 28. Qd2 Nb6 29. Bg5 Qd8 30. Bxe7 Qxe7 31. Ra5 Qd7 32. Rxa8 Rxa8 33. Qg5 Qd8 34. Qh5 Nd5 35. Ng5 Ngf4 36. Qh7+ Kf8 37. Nh6 Qxg5 38. Qg8+ Ke7 39. Qxf7+ Kd8 40. Ng4 Ne2+ 41. Kh2 Qxc1 0-1

[Event "Loire-ch Top20 0506"]
[Site "Loire"]
[Date "2005.11.12"]
[Round "2"]
[White "Gaillard, Pierre"]
[Black "Garon, Pierre"]
[Result "1-0"]
[WhiteElo "1830"]
[BlackElo "1949"]
[PlyCount "83"]
[EventDate "2005.10.08"]
[EventType "swiss"]
[EventRounds "6"]
[EventCountry "FRA"]
[SourceTitle "EXT 2008"]
[Source "ChessBase"]
[SourceDate "2007.11.25"]
[SourceVersion "1"]
[SourceVersionDate "2007.11.25"]
[SourceQuality "1"]

1. Nf3 d5 2. c4 e6 3. g3 Nf6 4. Bg2 Bd6 5. 0-0 0-0 6. d3 c6 7. Nbd2 Nbd7 8. e4 dxe4 9. Nxe4 Nxe4 10. dxe4 Qe7 11. Re1 e5 12. Rb1 a5 13. Qc2 Nc5 14. b3 f6 15. Be3 Be6 16. Rbd1 Rac8 17. Rd2 Rfd8 18. Red1 b5 19. Bxc5 Bxc5 20. Rxd8+ Rxd8 21. Rxd8+ Qxd8 22. cxb5 Qb6 23. bxc6 Qxc6 24. Nh4 Qb6 25. Nf5 g6 26. Nh4 Kg7 27. Bf1 Qd6 28. Bc4 Bg4 29. Bd5 f5 30. Ng2 Qb6 31. Ne1 f4 32. Nd3 Bd4 33. gxf4 exf4 34. Nxf4 Qf6 35. Qd2 Be5 36. Nd3 Bxh2+ 37. Kxh2 Qh4+ 38. Kg1 Bf3 39. Qc3+ Kh6 40. Qc1+ Kg7 41. Qc7+ Kf8 42. Qf7# 1-0

[Event "Loire-ch Top20 0405"]
[Site "Loire"]
[Date "2004.09.25"]
[Round "1"]
[White "Barnes, Pierrick"]
[Black "Garon, Pierre"]
[Result "1-0"]
[WhiteElo "1780"]
[BlackElo "1974"]
[PlyCount "83"]
[EventDate "2004.09.25"]
[EventType "swiss"]
[EventRounds "9"]
[EventCountry "FRA"]
[SourceTitle "EXT 2008"]
[Source "ChessBase"]
[SourceDate "2007.11.25"]
[SourceVersion "1"]
[SourceVersionDate "2007.11.25"]
[SourceQuality "1"]

1. d4 d5 2. Bf4 Nf6 3. e3 g6 4. Nf3 Bg7 5. c4 c6 6. Nc3 0-0 7. h3 Re8 8. Bd3 e6 9. 0-0 Nbd7 10. Qb3 dxc4 11. Bxc4 Qe7 12. Rad1 b6 13. Rfe1 Bb7 14. e4 b5 15. Bd3 a6 16. Bb1 Bf8 17. Ne5 Nxe5 18. Bxe5 Rac8 19. Bxf6 Qxf6 20. e5 Qd8 21. Ne4 Be7 22. Qe3 Qb6 23. Qh6 Qd8 24. Re3 c5 25. h4 Bxe4 26. Bxe4 Bf8 27. Qf4 Rc7 28. d5 exd5 29. Bxd5 Qe7 30. e6 f6 31. Bc6 Rd8 32. Bd7 Ra7 33. Rd5 Bg7 34. Qd6 Bf8 35. Qb6 Raa8 36. Qc7 c4 37. h5 f5 38. hxg6 hxg6 39. Rg3 Qf6 40. Qf4 Kh7 41. Rh3+ Kg7 42. Qh6+ 1-0

[Event "Loire-ch Top20 0304"]
[Site "Loire"]
[Date "2004.03.20"]
[Round "7"]
[White "Garon, Pierre"]
[Black "Bruel, Bruno"]
[Result "1-0"]
[WhiteElo "2009"]
[BlackElo "1800"]
[PlyCount "61"]
[EventDate "2003.09.27"]
[EventType "swiss"]
[EventRounds "9"]
[EventCountry "FRA"]
[SourceTitle "EXT 2008"]
[Source "ChessBase"]
[SourceDate "2007.11.25"]
[SourceVersion "1"]
[SourceVersionDate "2007.11.25"]
[SourceQuality "1"]

1. d4 d5 2. Nf3 Nf6 3. e3 Bg4 4. c4 e6 5. Qb3 Bxf3 6. gxf3 Nbd7 7. Qxb7 Rb8 8. Qxa7 Bb4+ 9. Bd2 Bxd2+ 10. Nxd2 0-0 11. Qa3 dxc4 12. Bxc4 Nb6 13. b3 Ra8 14. Qc1 Qe7 15. a4 e5 16. dxe5 Qxe5 17. 0-0 Nbd7 18. Qc2 Qh5 19. Rac1 Ne5 20. Be2 g5 21. Qf5 Ned7 22. Rxc7 Rad8 23. Nc4 Rfe8 24. Rd1 Re6 25. Rd2 Qh4 26. Rd4 Qh6 27. b4 Kf8 28. a5 Ke7 29. Nb6 g4 30. fxg4 Ke8 31. Bb5 1-0

[Event "Loire-ch Top20 0304"]
[Site "Loire"]
[Date "2004.03.06"]
[Round "6"]
[White "Deville, Olivier"]
[Black "Garon, Pierre"]
[Result "1-0"]
[WhiteElo "2040"]
[BlackElo "2009"]
[PlyCount "73"]
[EventDate "2003.09.27"]
[EventType "swiss"]
[EventRounds "9"]
[EventCountry "FRA"]
[SourceTitle "EXT 2008"]
[Source "ChessBase"]
[SourceDate "2007.11.25"]
[SourceVersion "1"]
[SourceVersionDate "2007.11.25"]
[SourceQuality "1"]

1. d4 d5 2. Nf3 Nf6 3. c4 e6 4. g3 Be7 5. Bg2 0-0 6. 0-0 dxc4 7. Na3 Bxa3 8. bxa3 Nc6 9. Bb2 Rb8 10. Qc2 b5 11. Rfe1 Ba6 12. Rad1 Ne7 13. e4 c6 14. e5 Nfd5 15. Ng5 Nf5 16. Nxh7 Kxh7 17. g4 Bc8 18. gxf5 exf5 19. Bc1 Be6 20. Bxd5 cxd5 21. Re3 Rh8 22. Rg3 Qh4 23. Bg5 Qh5 24. f4 Kg8 25. Bf6 Rh7 26. Re1 Kf8 27. Qg2 Qh6 28. Rf1 Rc8 29. Bg5 Qh5 30. Rff3 Bd7 31. Rh3 Qg6 32. Be7+ Kg8 33. Rfg3 Qb6 34. Bc5 Rxc5 35. Rxh7 Kxh7 36. Rxg7+ Kh6 37. Qg5# 1-0